Guide to investing in Macau : special administrative region of People's Republic of China.
| Format: | Book |
|---|---|
| Published: |
IPIM - Macau Trade and Investment Promotion Institute,
2000.
|
| Subjects: |
| LEADER | 00484cam a2200145 7i4500 | ||
|---|---|---|---|
| 001 | 0000013900 | ||
| 005 | 20040507090000.0 | ||
| 020 | 0 | 0 | |a 9993761117 |
| 090 | 0 | 0 | |a MAC 332.6 |b GUI |
| 245 | 0 | 0 | |a Guide to investing in Macau : |b special administrative region of People's Republic of China. |
| 260 | 0 | 0 | |b IPIM - Macau Trade and Investment Promotion Institute, |c 2000. |
| 300 | # | # | |a 120 p. |
| 650 | 0 | 0 | |a Investment -- |z Macau |
| 651 | 0 | 0 | |a Macau |
| 999 | |a 0000013081 |b Book |c Countries |e Business Information Centre | ||


